000 00904cam a2200313M 4500
001 50504
005 20230411090003.0
008 050424r20001999enk 001 0 eng d
010 _a 99034314
035 _a(OCoLC)ocm59464049
040 _aUKV3G
_cUKV3G
015 _aGBA2-47278
020 _a0761525556
020 _a9780761525554
020 _a0761520570 (CASED)
_cNo price
020 _a9780761520573 (CASED)
029 1 _aNLGGC
_b249662078
035 _a(OCoLC)59464049
082 0 4 _a947.084
_221
049 _aGRAL
100 1 _aCrozier, Brian,
_d1918-
245 1 4 _aThe rise and fall of the Soviet Empire /
_cBrian Crozier.
260 _aRoseville, Calif :
_bForum,
_cc1999
_g(2000 [printing])
300 _axviii, 829 p. ;
_c23 cm.
504 _aIncludes bibliographical references and index.
651 4 _aSoviet Union
_xHistory.
942 _2lcc
_cbk
994 _aC0
_bDRFGD
999 _c110458
_d110458